000 00442nam a22001577a 4500
003 OSt
005 20150908170253.0
008 150908b xxu||||| |||| 00| 0 eng d
040 _cRUA
082 _aAGR គាង 1993 B008 Or.1
100 _9176
_aគាង ងី
245 _aដំណំាកៅស៊ូ នៅប្រទេសកម្ពុជា
260 _aRUA
_bphnom penh
_c1993
300 _a156p.
_cill.
_g29cm
942 _2ddc
_cAGR
999 _c157
_d157